Melquíades Alvarez (Record no. 70534)

MARC details
000 -LEADER
campo de control de longitud fija 00717nam a2200229 i 4500
001 - NÚMERO DE CONTROL
campo de control 70534
003 - IDENTIFICADOR DE NÚMERO DE CONTROL
campo de control ES-MaACL
005 - FECHA Y HORA DE LA ÚLTIMA TRANSACCIÓN
campo de control 20250826085709.0
007 - CAMPO FIJO DE DESCRIPCIÓN FÍSICA--INFORMACIÓN GENERAL
campo de control de longitud fija t|
008 - DATOS DE LONGITUD FIJA--INFORMACIÓN GENERAL
campo de control de longitud fija 040727s1974 sp ||||1| spa d
100 1# - ENTRADA PRINCIPAL--NOMBRE DE PERSONA
Nombre de persona García Venero, Maximiano.
9 (RLIN) 55393
245 10 - MENCIÓN DEL TÍTULO
Título Melquíades Alvarez
Resto del título : historia de un liberal /
Mención de responsabilidad, etc. Maximiano García Venero ; prólogo de Azorín.
250 ## - MENCION DE EDICION
Mención de edición 2ª ed. ampl.
260 ## - PUBLICACIÓN, DISTRIBUCIÓN, ETC.
Lugar de publicación, distribución, etc. Madrid :
Nombre del editor, distribuidor, etc. Tebas,
Fecha de publicación, distribución, etc. 1974.
300 ## - DESCRIPCIÓN FÍSICA
Extensión 518 p., 8 lám. ;
Dimensiones 23 cm.
490 1# - MENCIÓN DE SERIE
Mención de serie Historia política
600 17 - PUNTO DE ACCESO ADICIONAL DE MATERIA--NOMBRE DE PERSONA
Nombre de persona Álvarez, Melquíades,
Fechas asociadas al nombre 1864-1936
Fuente del encabezamiento o término embne
9 (RLIN) 20665
700 0# - ENTRADA AGREGADA--NOMBRE PERSONAL
Nombre de persona Azorín,
Fechas asociadas al nombre 1873-1967
9 (RLIN) 24326
830 1# - PUNTO DE ACCESO ADICIONAL DE SERIE-TÍTULO UNIFORME
Título uniforme Historia política
9 (RLIN) 183303
852 ## - LOCALIZACIÓN
Ubicación ES-MaACL
Número de control de estantería E-6284
Holdings
Estatus retirado Estado de pérdida Estado de daño No para préstamo Biblioteca de origen Biblioteca actual Ubicación en estantería Fecha de adquisición Fuente de adquisición Total de préstamos Signatura topográfica completa Código de barras Visto por última vez Precio de reemplazo Tipo de ítem Koha
        Biblioteca del Ateneo de Madrid Biblioteca del Ateneo de Madrid Depósito 2 17/01/2008     E-6284 1073857 23/02/2023 23/02/2023 Libro impreso